Statistiques concernant Football Quiz par lettre - J

Cliquez ici pour prendre le quiz!

Statistiques générales

  • Ce quiz a été pris 2 893 fois
  • Le résultat moyen est 6 sur 10

Statistiques - réponses

HintRéponse% Correct
Le prénom de CruijffJohan
97%
Ancien joueur brésilien de l'OL, connu pour ses coup-francsJuninho Pernambucano
93%
Pays où se déroule la J1 LeagueJapon
87%
Equipe nationale dont les joueurs sont appelés "Reggae Boyz"Jamaïque
82%
Ville où s'est déroulée la finale de la Coupe du Monde 2010Johannesburg
67%
Meilleur buteur de la Coupe du Monde 2014James Rodriguez
62%
La "Vecchia Signora"Juventus
61%
Argentinos ......Junior
37%
Champion du Monde brésilien (1970) surnommé "L'ouragan"Jairzinho
32%
Ancien nom du club "Chiapas FC" = ........ de ChiapasJaguares
8%

Distribution des résultats

Percentile par nombre de réponses

% des personnes avec chaque résultat

Votre développement - résultats

Vous n’avez pas pris ce quiz